000 00805nam a2200193 i 4500
001 26858
003 ES-MaACL
005 20230906153519.0
007 t|
008 030110s1884 sp ||||1| spa d
080 _a342.9
100 1 _aArriaga del Arco, Federico.
_9140391
245 1 0 _aProcedimiento administrativo de apremio
_b: introducción crítica sobre la legislación vigente : instrucción de 20 de mayo de 1884 con numerosas notas, disposiciones complementarias de aquélla y formularios /
_cpor Federico Arriaga del Arco e Isidro Torres Muñoz.
260 _aMadrid :
_b[s.n.],
_c1884 (
_fTip. de Manuel G. Hernández)
300 _a295 p. ;
_c21 cm.
650 0 4 _aDerecho administrativo-
_zEspaña-
_yS.XIX.
_911645
700 1 _aTorres Muñoz, Isidro.
_9133328
852 _aES-MaACL
_jE-13130
999 _c26858
_d26858